[Event "Almunecar FEDC op 17th"]
[Site "Almunecar"]
[Date "2016.10.01"]
[Round "7"]
[White "Mendez Manturano, Miguel Eduardo"]
[Black "Venegas Nuno, Francisco"]
[Result "1-0"]
[WhiteElo "1565"]
[BlackElo "1621"]
[PlyCount "103"]
[EventDate "2016.09.25"]
[EventType "swiss"]
[EventRounds "7"]
[EventCountry "ESP"]
[SourceTitle "EXT 2017"]
[Source "ChessBase"]
[SourceDate "2016.10.25"]
[SourceVersion "1"]
[SourceVersionDate "2016.10.25"]
[SourceQuality "1"]

1. e4 e5 2. Nf3 d6 3. d4 exd4 4. Nxd4 Nf6 5. Nc3 Be7 6. g3 0-0 7. Bg2 c6 8. a4 a5 9. h3 Re8 10. 0-0 Bf8 11. g4 d5 12. exd5 Nxd5 13. Nxd5 cxd5 14. Nb5 Na6 15. c3 Bc5 16. Bf4 Re7 17. Qxd5 Be6 18. Qxd8+ Rxd8 19. Rad1 Red7 20. Rxd7 Rxd7 21. Re1 Kf8 22. Be4 h5 23. Bf5 Bxf5 24. gxf5 f6 25. Kg2 Kf7 26. Re6 g6 27. Nd6+ Bxd6 28. Rxd6 Rxd6 29. fxg6+ Kxg6 30. Bxd6 Kf5 31. b4 Ke6 32. Bf8 axb4 33. cxb4 Nc7 34. Kg3 Nd5 35. a5 Nc3 36. f3 Kf5 37. Bh6 Ne2+ 38. Kf2 Nd4 39. Be3 Nc6 40. Bd2 Nd4 41. Ke3 Nb5 42. Kd3 Ke6 43. Kc4 Nd6+ 44. Kc5 Nc8 45. b5 Kd7 46. Bf4 Ne7 47. Bh2 f5 48. Kb6 Kc8 49. Kc5 Kd7 50. a6 bxa6 51. bxa6 Nc8 52. Kd5 1-0

[Event "Almunecar FEDC op 17th"]
[Site "Almunecar"]
[Date "2016.09.30"]
[Round "6"]
[White "Venegas Nuno, Francisco"]
[Black "Garcia Cervigon, Juan Pablo"]
[Result "1-0"]
[WhiteElo "1621"]
[BlackElo "1705"]
[PlyCount "45"]
[EventDate "2016.09.25"]
[EventType "swiss"]
[EventRounds "7"]
[EventCountry "ESP"]
[SourceTitle "EXT 2017"]
[Source "ChessBase"]
[SourceDate "2016.10.25"]
[SourceVersion "1"]
[SourceVersionDate "2016.10.25"]
[SourceQuality "1"]

1. e4 c5 2. Nf3 d6 3. c3 Nc6 4. Be2 Nf6 5. d3 Bg4 6. h3 Bd7 7. 0-0 e6 8. Bf4 Be7 9. Qc2 0-0 10. Re1 Rc8 11. Nbd2 b5 12. a3 a6 13. b4 cxb4 14. axb4 e5 15. Be3 d5 16. Qb2 d4 17. cxd4 Bxb4 18. d5 Bxd2 19. Bxd2 Nd4 20. Nxd4 exd4 21. Rxa6 Qc7 22. Qxd4 Qc2 23. Bg5 1-0

[Event "Almunecar FEDC op 17th"]
[Site "Almunecar"]
[Date "2016.09.26"]
[Round "2"]
[White "Venegas Nuno, Francisco"]
[Black "Balmiza Jimenez, Francisco"]
[Result "1-0"]
[WhiteElo "1621"]
[BlackElo "1753"]
[PlyCount "55"]
[EventDate "2016.09.25"]
[EventType "swiss"]
[EventRounds "7"]
[EventCountry "ESP"]
[SourceTitle "EXT 2017"]
[Source "ChessBase"]
[SourceDate "2016.10.25"]
[SourceVersion "1"]
[SourceVersionDate "2016.10.25"]
[SourceQuality "1"]

1. e4 e5 2. Nf3 Nf6 3. Nxe5 d6 4. Nf3 Nxe4 5. d4 d5 6. Be2 Be7 7. 0-0 0-0 8. Be3 Bg4 9. h3 Bh5 10. Nbd2 Nf6 11. Ne5 Bxe2 12. Qxe2 Nbd7 13. c4 c6 14. Rac1 dxc4 15. Ndxc4 Nd5 16. Nd2 N7f6 17. Ndf3 h6 18. a3 Rc8 19. Rfd1 Bd6 20. Qd3 Nd7 21. Qf5 Nxe5 22. dxe5 Bb8 23. e6 fxe6 24. Qxe6+ Rf7 25. Ne5 Bxe5 26. Qxe5 a6 27. Rc4 Qf6 28. Rxd5 1-0

[Event "Almunecar FEDC op 17th"]
[Site "Almunecar"]
[Date "2016.09.25"]
[Round "1"]
[White "Guillen Andrinal, Pablo"]
[Black "Venegas Nuno, Francisco"]
[Result "0-1"]
[WhiteElo "1586"]
[BlackElo "1621"]
[PlyCount "58"]
[EventDate "2016.09.25"]
[EventType "swiss"]
[EventRounds "7"]
[EventCountry "ESP"]
[SourceTitle "EXT 2017"]
[Source "ChessBase"]
[SourceDate "2016.10.25"]
[SourceVersion "1"]
[SourceVersionDate "2016.10.25"]
[SourceQuality "1"]

1. e4 e5 2. Nf3 d6 3. d4 exd4 4. Nxd4 Nf6 5. Nc3 Be7 6. Be2 0-0 7. 0-0 Re8 8. Re1 Nbd7 9. Bf4 Bf8 10. Bc4 Ne5 11. Bg3 Nxc4 12. Rb1 g6 13. b3 Ne5 14. f4 Nc6 15. Nxc6 bxc6 16. e5 Nh5 17. exd6 Nxg3 18. Rxe8 Qxe8 19. Qe1 Qxe1+ 20. Rxe1 Nf5 21. dxc7 Bd6 22. Ne4 Bxc7 23. Nf6+ Kf8 24. Re8+ Kg7 25. Nd7 Bb6+ 26. Kh1 Bb7 27. Re1 Rd8 28. Ne5 Rd2 29. Rc1 Ne3 0-1

[Event "Benidorm FEDC op 14th"]
[Site "Benidorm"]
[Date "2014.06.13"]
[Round "6"]
[White "Martinez Morina, Manel"]
[Black "Venegas Nuno, Francisco"]
[Result "1-0"]
[WhiteElo "1892"]
[BlackElo "1695"]
[PlyCount "33"]
[EventDate "2014.06.08"]
[EventType "swiss"]
[EventRounds "7"]
[EventCountry "ESP"]
[SourceTitle "EXT 2016"]
[Source "ChessBase"]
[SourceDate "2015.10.08"]
[SourceVersion "1"]
[SourceVersionDate "2015.10.08"]
[SourceQuality "1"]

1. e4 e5 2. f4 exf4 3. Nf3 Nc6 4. d4 d6 5. Bxf4 Bg4 6. c3 Be7 7. Bc4 h6 8. 0-0 Nf6 9. Nbd2 0-0 10. Qe1 Bh5 11. h3 Nd7 12. Qg3 Nb6 13. Bb3 Na5 14. Bxh6 g6 15. Bxf8 Nxb3 16. Bxe7 Qxe7 17. axb3 1-0